Countries without Airports - Statistics

General Stats
  • This quiz has been taken 653 times
  • The average score is 4 of 5
Answer Stats
Answer % Correct
Vatican City
96%
San Marino
89%
Andorra
87%
Monaco
86%
Liechtenstein
76%
No matching quizzes found
Score Distribution
Percent of People with Each Score
Percentile by Number Answered
Your Score History
You have not taken this quiz